[Event "Championship Moscow 2019"]
[Site "?Ð"]
[Date "2019.04.01"]
[Round "3.12"]
[White "Kasaeva, Sofiia"]
[Black "Kruglikova, Viktorija"]
[Result "1-0"]
[WhiteElo "1960"]
[BlackElo "1786"]
[PlyCount "119"]
[EventDate "2019.03.30"]

1. e4 c5 2. Nf3 Nc6 3. d4 cxd4 4. Nxd4 Nf6 5. Nc3 e6 6. Ndb5 Bb4 7. a3 Bxc3+ 8.
Nxc3 d5 9. exd5 exd5 10. Bd3 O-O 11. O-O d4 12. Ne2 Re8 13. Bg5 Bg4 14. f3 Bh5
15. Ng3 Bg6 16. Ne4 Ne5 17. Qe1 Qb6 18. Bxf6 Nxd3 19. cxd3 gxf6 20. Qh4 Re6 21.
b4 f5 22. Nc5 Rd6 23. Qe7 f4 24. Rac1 Qd8 25. Qxd8+ Rdxd8 26. Nxb7 Bxd3 27.
Nxd8 Bxf1 28. Nxf7 Bxg2 29. Nh6+ Kg7 30. Kxg2 Kxh6 31. Rc6+ Kg5 32. Rd6 Rc8 33.
Rxd4 Rc2+ 34. Kh3 Rc3 35. Rd5+ Kf6 36. Kg4 Rxa3 37. Rf5+ Kg6 38. Ra5 Rc3 39.
Ra6+ Kg7 40. Rxa7+ Kg6 41. Ra6+ Kg7 42. b5 Rc4 43. b6 Rb4 44. Kf5 Kh6 45. b7+
Kh5 46. Ra7 h6 47. Ke6 Kh4 48. Kd6 Kh3 49. Kc7 Kxh2 50. Ra6 h5 51. Rb6 Rxb6 52.
Kxb6 Kg3 53. b8=Q Kxf3 54. Qc8 Kg3 55. Qg8+ Kf2 56. Kc5 h4 57. Qg4 f3 58. Kd4
h3 59. Qxh3 Ke2 60. Qg4 1-0

[Event "Championship Moscow 2019"]
[Site "?Ð"]
[Date "2019.04.01"]
[Round "3.13"]
[White "Zakharova, Oksana"]
[Black "Danilova, Rada"]
[Result "0-1"]
[WhiteElo "1751"]
[BlackElo "1930"]
[PlyCount "104"]
[EventDate "2019.03.30"]

1. c4 e5 2. Nc3 Bb4 3. Nf3 Bxc3 4. bxc3 d6 5. d4 e4 6. Ng1 Nc6 7. Bf4 Qe7 8. e3
Nf6 9. Rb1 O-O 10. Bg5 h6 11. Bxf6 Qxf6 12. g3 Re8 13. Bg2 b6 14. Nh3 Na5 15.
Nf4 c6 16. Qa4 Ba6 17. O-O Bxc4 18. Rfe1 d5 19. Ne2 Bd3 20. Rbd1 Nc4 21. Qb3
Nd6 22. Nc1 Bc4 23. Qb2 Ba6 24. Nb3 Nc4 25. Qc2 Bc8 26. h3 Ba6 27. a4 Rab8 28.
Ra1 Re7 29. Ra2 Reb7 30. Bf1 g6 31. Be2 Kg7 32. Raa1 Re7 33. Nd2 Nxd2 34. Qxd2
Bxe2 35. Qxe2 c5 36. Reb1 Rc8 37. a5 cxd4 38. cxd4 Rec7 39. axb6 axb6 40. Ra2
Rc1+ 41. Rxc1 Rxc1+ 42. Kg2 Qc6 43. Rb2 Ra1 44. Rc2 Qa4 45. Rb2 Rc1 46. Ra2 Qb3
47. h4 Qb1 48. Kh3 h5 49. g4 Rh1+ 50. Kg3 Qg1+ 51. Kf4 Qh2+ 52. Kg5 f6# 0-1

[Event "Championship Moscow 2019"]
[Site "?Ð"]
[Date "2019.04.01"]
[Round "3.14"]
[White "Gaer, Margarita"]
[Black "Strukova, Ksenia"]
[Result "0-1"]
[WhiteElo "1627"]
[BlackElo "1919"]
[PlyCount "76"]
[EventDate "2019.03.30"]

1. d4 Nf6 2. c4 g6 3. Nf3 Bg7 4. g3 O-O 5. Bg2 d6 6. O-O Nbd7 7. Nc3 e5 8. e4
c6 9. h3 Qa5 10. Rb1 exd4 11. Nxd4 Ne5 12. b4 Qc7 13. Qe2 Be6 14. Nxe6 fxe6 15.
Be3 Nfd7 16. Rfd1 a6 17. Rd2 b5 18. c5 dxc5 19. Bxc5 Nxc5 20. bxc5 Nc4 21. Rd3
Qe5 22. Qg4 Rae8 23. Ne2 Qxc5 24. Rf3 Nd2 25. Rxf8+ Qxf8 26. Rd1 Nc4 27. Nf4
Ne5 28. Qe2 c5 29. a4 c4 30. Bf1 b4 31. Kg2 b3 32. Rc1 Qa3 33. Qd1 Qxa4 34. Qd6
Nf7 35. Qb6 c3 36. Bd3 b2 37. Rc2 Bd4 38. Qb7 Nd6 0-1

[Event "Championship Moscow 2019"]
[Site "?Ð"]
[Date "2019.04.01"]
[Round "3.15"]
[White "Todua, Anastasia"]
[Black "Dorofeeva, Nyurguiaana"]
[Result "1-0"]
[WhiteElo "1610"]
[BlackElo "1879"]
[PlyCount "45"]
[EventDate "2019.03.30"]

1. e4 c6 2. d4 d5 3. exd5 cxd5 4. Nf3 Nf6 5. Bd3 e6 6. O-O Be7 7. Re1 Nc6 8. c3
a6 9. Nbd2 b5 10. Ne5 Bd7 11. Ndf3 O-O 12. Nxc6 Bxc6 13. Ne5 Bb7 14. Bg5 Ne4
15. Bxe7 Qxe7 16. Qh5 b4 17. f3 Nf6 18. Qh4 Rfe8 19. Ng4 h6 20. Nxh6+ gxh6 21.
Qxh6 Ne4 22. fxe4 dxe4 23. Re3 1-0

[Event "Championship Moscow 2019"]
[Site "?Ð"]
[Date "2019.04.01"]
[Round "3.16"]
[White "Ilyina, Lada"]
[Black "Dunayskaya, Dominika"]
[Result "1-0"]
[WhiteElo "1877"]
[BlackElo "1222"]
[PlyCount "63"]
[EventDate "2019.03.30"]

1. e4 c5 2. Nf3 d6 3. d4 cxd4 4. Qxd4 Nc6 5. Bb5 Bd7 6. Bxc6 Bxc6 7. c4 Nf6 8.
Nc3 g6 9. O-O Bg7 10. Qd3 O-O 11. Bg5 a6 12. Rfe1 Re8 13. Rad1 Nd7 14. b3 Ne5
15. Nxe5 Bxe5 16. f4 Qb6+ 17. Kh1 Bg7 18. Nd5 Bxd5 19. exd5 Bf6 20. Bh6 Bg7 21.
Bxg7 Kxg7 22. f5 Qf2 23. fxg6 hxg6 24. a4 b6 25. Rf1 Qh4 26. Qe3 Rab8 27. Rf4
Qh5 28. Rdf1 f6 29. b4 Qe5 30. Re4 Qb2 31. Rxe7+ Kf8 32. Re1 1-0

[Event "Championship Moscow 2019"]
[Site "?Ð"]
[Date "2019.04.01"]
[Round "3.17"]
[White "Putinceva, Marina"]
[Black "Ivanova, Anastasia S"]
[Result "1/2-1/2"]
[WhiteElo "1519"]
[BlackElo "1860"]
[PlyCount "93"]
[EventDate "2019.03.30"]

1. e4 c5 2. Nf3 d6 3. d4 cxd4 4. Nxd4 Nf6 5. Nc3 a6 6. f4 e6 7. Be3 Be7 8. Be2
Nbd7 9. O-O Qc7 10. Qe1 O-O 11. Qg3 b5 12. f5 Ne5 13. Bh6 Ne8 14. f6 Bxf6 15.
Rxf6 Ng6 16. Rxg6 fxg6 17. Be3 b4 18. Na4 e5 19. Nb3 Rb8 20. Bd3 Bd7 21. Nb6
Rxb6 22. Bxb6 Qxb6+ 23. Kh1 Bc6 24. Bc4+ Kh8 25. Qd3 Bb7 26. h3 Nf6 27. Rf1 Re8
28. Nd2 Qc6 29. Re1 Rd8 30. Bb3 Qc5 31. Nf3 Nxe4 32. Rxe4 Bxe4 33. Qxe4 Qa7 34.
Qd5 Qe7 35. Qe4 Qf6 36. Qxb4 Qf5 37. Qb6 Qf6 38. Bd5 Qe7 39. Qxa6 e4 40. Qe2
Re8 41. Nd2 e3 42. Ne4 Qe5 43. c4 Qd4 44. a4 Rb8 45. Nc3 Rf8 46. Ne4 Rb8 47.
Nc3 1/2-1/2

[Event "Championship Moscow 2019"]
[Site "?Ð"]
[Date "2019.04.01"]
[Round "3.18"]
[White "Smirnova, Ekaterina"]
[Black "Zvereva, Margarita"]
[Result "1-0"]
[WhiteElo "2178"]
[BlackElo "1853"]
[PlyCount "137"]
[EventDate "2019.03.30"]

1. d4 d5 2. c4 e6 3. Nc3 Nf6 4. cxd5 exd5 5. Bg5 Be7 6. e3 O-O 7. Bd3 Re8 8.
Qc2 Nbd7 9. Nf3 Nf8 10. O-O c6 11. h3 g6 12. Bxf6 Bxf6 13. b4 a6 14. a4 Ne6 15.
Rfd1 Ng7 16. b5 a5 17. bxc6 bxc6 18. Ne2 Bd7 19. Rab1 Qc7 20. Nf4 Qa7 21. Rb2
Rab8 22. Rdb1 Rxb2 23. Qxb2 Ne6 24. Nxe6 fxe6 25. Qb7 Ra8 26. Bc2 Kf7 27. h4 h6
28. Qb3 h5 29. Ng5+ Bxg5 30. hxg5 c5 31. Qd3 Rg8 32. dxc5 Qxc5 33. Rb7 Ke7 34.
Qb3 Kd6 35. Rb6+ Ke7 36. Qb2 Bc6 37. Qf6+ Kd6 38. Qf4+ e5 39. Qf6+ Kc7 40. Rb2
Qc3 41. Qf7+ Kd6 42. Qxg8 Qxb2 43. Qxg6+ Kc5 44. Qd3 Qa1+ 45. Qd1 Qxd1+ 46.
Bxd1 Be8 47. Bc2 e4 48. f4 Bg6 49. Bb3 Bf5 50. Kf2 h4 51. Ke1 Bg6 52. Kd2 d4
53. Be6 d3 54. f5 Kd6 55. Bc8 Be8 56. f6 Bg6 57. Bg4 Kd5 58. Kc3 Ke5 59. Kc4
Be8 60. Kc5 d2 61. Kc4 d1=Q 62. Bxd1 Kf5 63. Kd5 Bf7+ 64. Kd6 Kg6 65. Ke7 Bc4
66. Bc2 Kxg5 67. Bxe4 Kg4 68. f7 Bxf7 69. Kxf7 1-0

[Event "Championship Moscow 2019"]
[Site "?Ð"]
[Date "2019.04.01"]
[Round "3.19"]
[White "Khachatryan, Marieta"]
[Black "Chagina, Ulyana"]
[Result "1-0"]
[WhiteElo "1856"]
[BlackElo "1739"]
[PlyCount "61"]
[EventDate "2019.03.30"]

1. e4 e6 2. d4 d5 3. Nd2 c5 4. exd5 exd5 5. Ngf3 Nf6 6. Bb5+ Bd7 7. Bxd7+ Nbxd7
8. O-O Be7 9. dxc5 Nxc5 10. Re1 O-O 11. Nf1 Nce4 12. Be3 Re8 13. c3 a5 14. Bd4
Ra6 15. Ne3 h6 16. Qc2 Bd6 17. Rad1 Bc7 18. Nxd5 Nxd5 19. Rxe4 Rxe4 20. Qxe4
Re6 21. Qc2 Qe8 22. Kf1 Nf4 23. Be3 Rg6 24. Bxf4 Bxf4 25. Qf5 Bc7 26. Qd7 Qb8
27. Re1 Kf8 28. Re7 Bb6 29. Ne5 Rf6 30. Rxf7+ Kg8 31. Rxg7+ 1-0

[Event "Championship Moscow 2019"]
[Site "?Ð"]
[Date "2019.04.01"]
[Round "3.20"]
[White "Khachatryan, Nadezhda"]
[Black "Soblirova, Sabina"]
[Result "0-1"]
[WhiteElo "1738"]
[BlackElo "1516"]
[PlyCount "126"]
[EventDate "2019.03.30"]

1. e4 e6 2. d4 d5 3. Nd2 c5 4. exd5 exd5 5. Ngf3 Nf6 6. Be2 Be7 7. O-O O-O 8.
dxc5 Bxc5 9. Nb3 Bb6 10. Bg5 Nc6 11. c3 Re8 12. Re1 Bg4 13. h3 Bf5 14. Nfd4 Bg6
15. Qd2 Qd6 16. Bxf6 Qxf6 17. Bf3 Red8 18. Qe3 h6 19. Rad1 Rac8 20. Bg4 Rc7 21.
Qg3 Nxd4 22. Nxd4 Rc4 23. b3 Bc7 24. Qe3 Bf4 25. Qe8+ Rxe8 26. Rxe8+ Kh7 27.
bxc4 dxc4 28. Ne2 Bd6 29. Bf3 b6 30. Rd4 b5 31. Ng3 Bc7 32. Ne2 Bb6 33. Rd7 Qh4
34. Nd4 Qg5 35. Ne2 Qf5 36. Rd1 Qc2 37. Rf1 Bd3 38. a3 Ba5 39. Nf4 Qxc3 40.
Nxd3 cxd3 41. Be4+ g6 42. Re7 Qf6 43. Rxa7 Bb6 44. Rb7 d2 45. Bf3 Kg7 46. Rd7
Ba5 47. Bd5 Kh8 48. Rxf7 Qd6 49. Bb3 Qxa3 50. Bd5 Bb4 51. Bf3 Qd3 52. Bd1 Kg8
53. Rc7 Bd6 54. Rd7 Bh2+ 55. Kxh2 Qxd7 56. Bb3+ Kg7 57. Rd1 Qd3 58. Be6 b4 59.
Bg4 b3 60. Ra1 h5 61. Bf3 b2 62. Ra7+ Kh6 63. Rb7 b1=Q 0-1

[Event "Championship Moscow 2019"]
[Site "?Ð"]
[Date "2019.04.01"]
[Round "3.21"]
[White "Eremina, Viktoria"]
[Black "Krupnova, Anna"]
[Result "0-1"]
[WhiteElo "1456"]
[BlackElo "1729"]
[PlyCount "72"]
[EventDate "2019.03.30"]

1. d4 Nf6 2. Nf3 e6 3. g3 d5 4. Bg2 Be7 5. O-O O-O 6. c4 c5 7. cxd5 exd5 8. Nc3
Nc6 9. dxc5 Bxc5 10. Bg5 d4 11. Bxf6 Qxf6 12. Ne4 Qe7 13. Nxc5 Qxc5 14. Rc1 Qb6
15. Qc2 g6 16. Rfd1 Bf5 17. Qd2 Rad8 18. Qh6 f6 19. b3 Rfe8 20. Nh4 Ne7 21.
Nxf5 Nxf5 22. Qd2 Kg7 23. Qb2 Re7 24. Rc2 h5 25. h4 Nxg3 26. Rcd2 Nf5 27. Qa3
Rde8 28. Bf1 Qc7 29. Rd3 Re4 30. Bg2 Rxe2 31. Qa4 Re1+ 32. Rxe1 Rxe1+ 33. Bf1
Qc1 34. Qd7+ Kh6 35. Qd8 Rxf1+ 36. Kg2 Nxh4+ 0-1

[Event "Championship Moscow 2019"]
[Site "?Ð"]
[Date "2019.04.01"]
[Round "3.22"]
[White "Shevtsova, Stefania"]
[Black "Petrova, Elizaveta"]
[Result "1/2-1/2"]
[WhiteElo "1684"]
[BlackElo "1403"]
[PlyCount "128"]
[EventDate "2019.03.30"]

1. e4 c5 2. c3 Nf6 3. e5 Nd5 4. Nf3 e6 5. Bc4 Nb6 6. Bb3 Be7 7. O-O O-O 8. d4
cxd4 9. cxd4 d6 10. Nc3 dxe5 11. dxe5 Nc6 12. Qe2 a6 13. Qe4 Qc7 14. Bc2 g6 15.
Bh6 Rd8 16. Rad1 Nb4 17. Bb1 Bd7 18. Qg4 N4d5 19. Nxd5 Nxd5 20. h4 Bf8 21. Qg5
Qc5 22. h5 Bxh6 23. Qxh6 Qf8 24. Qxf8+ Kxf8 25. h6 Bc6 26. Nd4 Ke7 27. Rc1 Rac8
28. Nxc6+ Rxc6 29. Rxc6 bxc6 30. Rc1 Kd7 31. a3 Rb8 32. b4 Rb7 33. Rc4 Rb5 34.
Rc1 Rb8 35. g3 Ne7 36. g4 Nd5 37. Kg2 Rb6 38. Kg3 a5 39. bxa5 Rb3+ 40. f3 Rxa3
41. Rc5 Rb3 42. Ba2 Rb5 43. Rxb5 cxb5 44. Kf2 Nc3 45. Bb3 Kc6 46. Ke3 Kc5 47.
Kd3 b4 48. Bc4 Nb5 49. a6 Na7 50. f4 Nc6 51. g5 Na7 52. f5 gxf5 53. Bxe6 Nc6
54. Bxf7 Nxe5+ 55. Ke3 Kb6 56. Bg8 Kxa6 57. Bxh7 Nf7 58. Kf4 Nd6 59. Bxf5 Nxf5
60. Kxf5 b3 61. h7 b2 62. h8=Q b1=Q+ 63. Ke6 Qb3+ 64. Ke7 Qe3+ 1/2-1/2

[Event "Championship Moscow 2019"]
[Site "?Ð"]
[Date "2019.04.01"]
[Round "3.23"]
[White "Zaytseva, Dariya"]
[Black "Komarova, Viktoria"]
[Result "1/2-1/2"]
[WhiteElo "1350"]
[BlackElo "1567"]
[PlyCount "80"]
[EventDate "2019.03.30"]

1. c4 Nf6 2. Nf3 e6 3. g3 Be7 4. Bg2 d5 5. O-O O-O 6. b3 Nc6 7. d4 Ne4 8. Bb2
a5 9. Nbd2 Nxd2 10. Qxd2 a4 11. e3 Na5 12. Qc2 a3 13. Bc1 Bb4 14. Ne5 dxc4 15.
bxc4 c5 16. d5 exd5 17. cxd5 Re8 18. Nd3 Bf5 19. Qe2 Bc3 20. Rb1 c4 21. e4 Bxe4
22. Bxe4 f5 23. Nc5 fxe4 24. Nxe4 Bd4 25. Qf3 Rf8 26. Qg2 Bb2 27. Bxb2 axb2 28.
Rxb2 Rb8 29. Nc5 Qd6 30. Ne4 Qa3 31. Rc2 b5 32. f4 Nb7 33. Rc3 Qe7 34. Rd1 Rfd8
35. Rd2 Rd7 36. Rd1 Rdd8 37. Rd2 Rd7 38. Rd1 Rdd8 39. Rd2 Rd7 40. Rd1 Rdd8
1/2-1/2

[Event "Championship Moscow 2019"]
[Site "Moscow]
[Date "2019.04.02"]
[Round "4.1"]
[White "Afanasiev, Nikita"]
[Black "Popov, Ivan"]
[Result "1/2-1/2"]
[WhiteElo "2527"]
[BlackElo "2585"]
[PlyCount "59"]
[EventDate "2019.??.??"]
[WhiteClock "1:35:57"]
[BlackClock "0:45:12"]

1. e4 e5 2. Nf3 Nc6 3. Nc3 Nf6 4. d4 exd4 5. Nxd4 Bb4 6. Nxc6 bxc6 7. Bd3 O-O
8. O-O d5 9. exd5 Bg4 10. f3 Bh5 11. Bg5 cxd5 12. Nxd5 Qxd5 13. Bxf6 Qc5+ 14.
Kh1 gxf6 15. a3 Ba5 16. b4 Bxb4 17. axb4 Qxb4 18. Ra6 Qc3 19. Qa1 Qxa1 20.
Rfxa1 Bg6 21. Rxa7 Rxa7 22. Rxa7 Bxd3 23. cxd3 Rb8 24. Kg1 Rb3 25. Rxc7 Rxd3
26. Kf2 Rd2+ 27. Kg1 Rd1+ 28. Kf2 Rd2+ 29. Kg1 Rd1+ 30. Kf2 1/2-1/2

[Event "Championship Moscow 2019"]
[Site "Moscow]
[Date "2019.04.02"]
[Round "4.2"]
[White "Savchenko, Boris"]
[Black "Vorobiov, Evgeny E"]
[Result "1/2-1/2"]
[WhiteElo "2575"]
[BlackElo "2565"]
[PlyCount "81"]
[EventDate "2019.??.??"]
[WhiteClock "0:34:10"]
[BlackClock "0:39:21"]

1. e4 c5 2. Nf3 d6 3. d4 cxd4 4. Nxd4 Nf6 5. Nc3 a6 6. Be3 Ng4 7. Bg5 h6 8. Bh4
g5 9. Bg3 Bg7 10. Be2 h5 11. Bxg4 hxg4 12. Qd2 Nc6 13. Nce2 Qa5 14. Qxa5 Nxa5
15. O-O-O Nc6 16. Rhe1 Nxd4 17. Nxd4 Bxd4 18. Rxd4 f6 19. Kd2 Be6 20. a4 b5 21.
Ra1 Kf7 22. Rd3 Rhc8 23. axb5 axb5 24. Rxa8 Rxa8 25. Ra3 Rxa3 26. bxa3 Bc4 27.
f3 gxf3 28. gxf3 e5 29. h4 gxh4 30. Bxh4 Ke6 31. Ke3 d5 32. exd5+ Bxd5 33. f4
exf4+ 34. Kxf4 Bc6 35. Bg3 Bd5 36. Bh4 Bc6 37. Bg3 Bd5 38. Bh4 Bc6 39. Bg3 Bd5
40. Bh4 Bc6 41. Bg3 1/2-1/2

[Event "Championship Moscow 2019"]
[Site "Moscow]
[Date "2019.04.02"]
[Round "4.3"]
[White "Dvalishvili, Pavel S"]
[Black "Kozionov, Kirill"]
[Result "1/2-1/2"]
[WhiteElo "2407"]
[BlackElo "2441"]
[PlyCount "33"]
[EventDate "2019.??.??"]
[WhiteClock "1:34:39"]
[BlackClock "1:34:36"]

1. e4 c5 2. Nf3 d6 3. Bb5+ Nd7 4. O-O a6 5. Bxd7+ Bxd7 6. d4 cxd4 7. Qxd4 e5 8.
Qd3 h6 9. c4 b5 10. Nc3 bxc4 11. Qxc4 Be6 12. Qc6+ Bd7 13. Qc4 Be6 14. Qc6+ Bd7
15. Qc4 Be6 16. Qc6+ Bd7 17. Qc4 1/2-1/2

[Event "Championship Moscow 2019"]
[Site "Moscow]
[Date "2019.04.02"]
[Round "4.4"]
[White "Golubov, Saveliy"]
[Black "Ivanov, Oleg V"]
[Result "1/2-1/2"]
[WhiteElo "2460"]
[BlackElo "2441"]
[PlyCount "46"]
[EventDate "2019.??.??"]
[WhiteClock "0:40:27"]
[BlackClock "0:29:41"]

1. d4 d5 2. c4 c6 3. Nf3 Nf6 4. e3 Bf5 5. Nc3 e6 6. Nh4 Be4 7. Be2 dxc4 8. Bxc4
Bd5 9. Bd3 c5 10. Nxd5 Nxd5 11. Nf3 Nc6 12. dxc5 Ndb4 13. Bc4 Qxd1+ 14. Kxd1
Bxc5 15. Bd2 Ke7 16. Rc1 Bd6 17. e4 Rac8 18. Ke2 Na6 19. Be3 Nc5 20. Nd2 Ne5
21. Nf3 Nc6 22. Nd2 Ne5 23. Nf3 Nc6 1/2-1/2

[Event "Championship Moscow 2019"]
[Site "Moscow]
[Date "2019.04.02"]
[Round "4.5"]
[White "Smirnov, Timofey"]
[Black "Yeletsky, Ivan"]
[Result "1/2-1/2"]
[WhiteElo "2345"]
[BlackElo "2409"]
[PlyCount "82"]
[EventDate "2019.??.??"]
[WhiteClock "0:10:32"]
[BlackClock "0:18:01"]

1. e4 c5 2. Nf3 d6 3. d4 cxd4 4. Nxd4 Nf6 5. Nc3 a6 6. Bg5 e6 7. f4 Nbd7 8. Qf3
Qc7 9. O-O-O b5 10. Bd3 Bb7 11. Rhe1 Qb6 12. Nd5 Qxd4 13. Bxf6 gxf6 14. Bxb5
Qc5 15. b4 Qxb5 16. Nc7+ Kd8 17. Nxb5 axb5 18. Qh5 Ke7 19. Qxb5 Bh6 20. g3 Rhb8
21. Rxd6 Kxd6 22. Rd1+ Bd5 23. Qe2 Rxb4 24. exd5 e5 25. c3 Rba4 26. Qh5 Bf8 27.
Qxf7 Rxa2 28. Rd2 Ra1+ 29. Kc2 e4 30. Qe6+ Kc7 31. Qc6+ Kd8 32. d6 R8a2+ 33.
Kb3 Rxd2 34. Qc7+ Ke8 35. Qc8+ Kf7 36. Qxd7+ Kg8 37. Qe6+ Kg7 38. Qd7+ Kg8 39.
Qe6+ Kg7 40. Qd7+ Kg8 41. Qe6+ Kg7 1/2-1/2

[Event "Championship Moscow 2019"]
[Site "Moscow]
[Date "2019.04.02"]
[Round "4.6"]
[White "Zakhartsov, Vladimir"]
[Black "Tsoi, Dmitry"]
[Result "1-0"]
[WhiteElo "2468"]
[BlackElo "2340"]
[PlyCount "101"]
[EventDate "2019.??.??"]
[WhiteClock "0:01:29"]
[BlackClock "0:18:38"]

1. d4 f5 2. c4 Nf6 3. Nc3 e6 4. g3 d5 5. Bg2 c6 6. Nf3 Bd6 7. O-O O-O 8. Bf4
Ne4 9. Bxd6 Nxd6 10. Nd2 Nd7 11. e3 Qe7 12. Qe2 Kh8 13. f3 dxc4 14. Nxc4 e5 15.
Nxe5 Nxe5 16. dxe5 Qxe5 17. Rfd1 Be6 18. f4 Qc5 19. Rac1 Rad8 20. Ne4 Qb5 21.
Qxb5 Nxb5 22. a4 Nc7 23. Nd6 Rb8 24. Nxb7 Rxb7 25. Rxc6 Rfb8 26. Rdc1 Rxb2 27.
Rxc7 Rb1 28. h4 h6 29. Rxb1 Rxb1+ 30. Kh2 Rb2 31. Kh3 a6 32. Rc6 Bf7 33. e4 Kh7
34. Rxa6 Bg6 35. h5 Bxh5 36. exf5 Be2 37. Rd6 Rb4 38. a5 Ra4 39. Rd5 h5 40. Kh4
Kh6 41. Rd6+ Kh7 42. Bc6 Rxa5 43. Be8 Ra8 44. Bg6+ Kg8 45. Bxh5 Bxh5 46. Kxh5
Kh7 47. Re6 Ra3 48. Kg4 Ra5 49. f6 g6 50. Re7+ Kh6 51. Re8 1-0

[Event "Championship Moscow 2019"]
[Site "Moscow]
[Date "2019.04.02"]
[Round "4.7"]
[White "Yarygin, Maksim"]
[Black "Dragomarezkij, Evgeni"]
[Result "0-1"]
[WhiteElo "2204"]
[BlackElo "2386"]
[PlyCount "140"]
[EventDate "2019.??.??"]
[WhiteClock "0:03:17"]
[BlackClock "0:02:56"]

1. Nf3 c5 2. g3 b6 3. Bg2 Bb7 4. O-O g6 5. c3 Bg7 6. d4 Nf6 7. a3 O-O 8. b4 Qc7
9. Nbd2 d6 10. Re1 Ne4 11. Bb2 Nd7 12. Nxe4 Bxe4 13. Nd2 Bxg2 14. Kxg2 d5 15.
e3 e5 16. Rc1 Qb7 17. Qf3 e4 18. Qe2 f5 19. c4 b5 20. bxc5 bxc4 21. Ba1 Qa6 22.
Nb1 Nxc5 23. dxc5 Bxa1 24. Red1 Qc6 25. Qd2 Rfd8 26. Qa5 Rd7 27. a4 Rc8 28. Rc2
Qxc5 29. Qxc5 Rxc5 30. Na3 Bf6 31. Rxc4 Rxc4 32. Nxc4 Kf7 33. Na5 Bc3 34. Nb3
Bb4 35. Nd4 Bc5 36. Nb3 Be7 37. Rc1 Bd6 38. Rc6 Be5 39. Ra6 Bc3 40. Nc5 Rc7 41.
Ne6 Re7 42. Ng5+ Ke8 43. Ne6 Bb4 44. Nf4 Rd7 45. Ne6 Rd6 46. Ng7+ Kf8 47. Rxa7
Bc3 48. Nxf5 gxf5 49. Rxh7 Kg8 50. Rh5 Rf6 51. f3 d4 52. exd4 e3 53. Kf1 Bxd4
54. Rh4 f4 55. Ke2 Rb6 56. Rg4+ Kh7 57. Rh4+ Kg6 58. Rg4+ Kf5 59. Kd3 Be5 60.
gxf4 Bxf4 61. Rg8 Rd6+ 62. Ke2 Rd2+ 63. Ke1 Rxh2 64. Rf8+ Ke5 65. Re8+ Kd4 66.
Rd8+ Kc3 67. Rc8+ Kb4 68. Rg8 Be5 69. Re8 Bc3+ 70. Kd1 Rd2+ 0-1

[Event "Championship Moscow 2019"]
[Site "Moscow]
[Date "2019.04.02"]
[Round "4.8"]
[White "Geivondian, Arman"]
[Black "Rozanov, Pavel B"]
[Result "1/2-1/2"]
[WhiteElo "2388"]
[BlackElo "2242"]
[PlyCount "115"]
[EventDate "2019.??.??"]
[WhiteClock "0:21:14"]
[BlackClock "0:06:11"]

1. d4 e6 2. e4 d5 3. exd5 exd5 4. Nf3 Bf5 5. c4 Bxb1 6. Rxb1 Bb4+ 7. Bd2 Bxd2+
8. Qxd2 Nf6 9. Qe3+ Qe7 10. Qxe7+ Kxe7 11. c5 Re8 12. Bb5 c6 13. Be2 a5 14. Nd2
Kf8 15. f3 Na6 16. Kf2 Nb4 17. Nb3 Nxa2 18. Ra1 a4 19. Rxa2 axb3 20. Rxa8 Rxa8
21. Rd1 b6 22. cxb6 Rb8 23. Rd3 Rxb6 24. Bd1 Ke7 25. Ke3 Ne8 26. Rxb3 Rxb3+ 27.
Bxb3 Kd6 28. h4 h6 29. Bc2 Nc7 30. Bd3 Ne6 31. f4 Nf8 32. Bf5 Kc7 33. Bd3 Nd7
34. Kf3 Kd6 35. g4 Nb6 36. b3 Nc8 37. g5 hxg5 38. fxg5 g6 39. Bf1 Ke7 40. Kf4
Kd6 41. Be2 Na7 42. Bd3 Ke6 43. Bf1 Kd6 44. Be2 Ke6 45. Bd3 Kd6 46. Kg4 Ke7 47.
Ba6 Ke6 48. b4 Nb5 49. Bxb5 cxb5 50. Kf4 Kd6 51. Kg4 Ke6 52. Kf4 Kd6 53. Kf3
Kd7 54. Kg3 Ke7 55. Kh3 Kd7 56. Kg2 Ke7 57. Kf3 Kd7 58. Kf4 1/2-1/2

[Event "Championship Moscow 2019"]
[Site "Moscow]
[Date "2019.04.02"]
[Round "4.9"]
[White "Savenkov, Konstantin"]
[Black "Ageichenko, Genadi A"]
[Result "1/2-1/2"]
[WhiteElo "2373"]
[BlackElo "2208"]
[PlyCount "80"]
[EventDate "2019.??.??"]
[WhiteClock "0:11:54"]
[BlackClock "0:01:35"]

1. e4 c5 2. Nf3 e6 3. d4 cxd4 4. Nxd4 Nf6 5. Bd3 Nc6 6. Nxc6 bxc6 7. c4 e5 8.
Be3 Be7 9. O-O d6 10. Nc3 O-O 11. h3 Bb7 12. Qb3 Qc7 13. Rac1 Nd7 14. c5 Nxc5
15. Bxc5 dxc5 16. Na4 Rab8 17. Qc3 Rfd8 18. Be2 c4 19. Bxc4 Rd4 20. Rfe1 Ba6
21. Bxa6 Bb4 22. Qf3 Bxe1 23. Nc5 Bb4 24. Nd3 Be7 25. Bc4 Bf6 26. g3 Rbd8 27.
h4 Qa5 28. Qe3 Qa4 29. Nc5 Qb4 30. Nd3 Qb6 31. Qf3 Qa5 32. Qe3 h6 33. Kg2 Qa4
34. Nc5 Qb4 35. Nd3 Qd6 36. Nc5 Qc7 37. Nd3 Qa5 38. Qe2 R8d7 39. Nc5 Rd2 40.
Qe1 Qd8 1/2-1/2

[Event "Championship Moscow 2019"]
[Site "Moscow]
[Date "2019.04.02"]
[Round "4.10"]
[White "Trusov, Mikhail"]
[Black "Makarian, Rudik"]
[Result "1/2-1/2"]
[WhiteElo "2143"]
[BlackElo "2354"]
[PlyCount "163"]
[EventDate "2019.??.??"]
[WhiteClock "0:05:30"]
[BlackClock "0:04:30"]

1. e3 Nf6 2. c4 e5 3. Nc3 Nc6 4. d4 Bb4 5. d5 Bxc3+ 6. bxc3 Ne7 7. Nf3 d6 8.
Qc2 Bf5 9. Qb3 O-O 10. Be2 b6 11. O-O c6 12. dxc6 Nxc6 13. Rd1 Qc7 14. Ba3 Rfd8
15. Rd2 Rac8 16. Bb4 Ne4 17. Rdd1 Na5 18. Bxa5 bxa5 19. Qa3 Qc5 20. Qc1 Be6 21.
Bd3 Nf6 22. Nd2 a4 23. Qc2 Rb8 24. Rab1 Qa3 25. h3 g6 26. Rxb8 Rxb8 27. Rb1
Rxb1+ 28. Nxb1 Qc5 29. Qxa4 Qb6 30. Qb4 Nd7 31. Nd2 Nc5 32. Bc2 Na6 33. Qa3 Nc5
34. Qb4 Kf8 35. Kf1 Ke7 36. Ke2 f5 37. Kd1 Qc6 38. f3 Qb6 39. Ke2 Na6 40. Qb3
Bd7 41. Nb1 Qa5 42. Na3 Qc5 43. Nb5 f4 44. exf4 Qg1 45. fxe5 Qxg2+ 46. Ke1 Qg3+
47. Kd1 Qxf3+ 48. Kc1 Qf4+ 49. Kb2 Qxe5 50. Nxa7 Qc5 51. Qb7 Qxc4 52. Bb3 Qe2+
53. Ka3 Nc5 54. Qc7 Qa6+ 55. Kb2 Ne6 56. Qb8 Nf4 57. h4 Qe2+ 58. Ka3 Qa6+ 59.
Kb2 Qe2+ 60. Ka3 Qe3 61. Nc8+ Bxc8 62. Qxc8 Qc5+ 63. Qxc5 dxc5 64. Ka4 Kd6 65.
Kb5 Ne2 66. c4 Nd4+ 67. Ka4 Nxb3 68. Kxb3 Kc6 69. Kc3 Kb6 70. Kd3 h6 71. Ke4 g5
72. hxg5 hxg5 73. Kf5 Ka5 74. Kxg5 Kb4 75. Kf5 Kxc4 76. Ke4 Kc3 77. a4 Kb4 78.
Kd3 Kb3 79. a5 c4+ 80. Ke2 c3 81. a6 c2 82. a7 1/2-1/2

[Event "Championship Moscow 2019"]
[Site "Moscow]
[Date "2019.04.02"]
[Round "4.11"]
[White "Zhukov, Anton"]
[Black "Gubajdullin, Alexei"]
[Result "0-1"]
[WhiteElo "2099"]
[BlackElo "2344"]
[PlyCount "104"]
[EventDate "2019.??.??"]
[WhiteClock "0:19:36"]
[BlackClock "0:18:17"]

1. d4 Nf6 2. c4 c6 3. Nf3 d5 4. Qb3 a6 5. c5 Nbd7 6. Bf4 Nh5 7. Bd2 e5 8. Nxe5
Nxe5 9. dxe5 Bxc5 10. Qf3 g6 11. g4 Ng7 12. Qf6 Qxf6 13. exf6 Ne6 14. e3 h5 15.
Be2 hxg4 16. Bxg4 Ng5 17. Bxc8 Rxc8 18. Ke2 Ne4 19. Bc3 Rh5 20. Nd2 Nxd2 21.
Kxd2 Kd7 22. Rag1 Rch8 23. Rg2 Ke6 24. Ke2 Bd6 25. f4 Bc5 26. Kd3 Rh3 27. Re2
R8h4 28. Bd4 Bxd4 29. Kxd4 Kd6 30. b4 a5 31. bxa5 Rxf4+ 32. Kd3 Ra4 33. Rb1
Rxa5 34. Rxb7 Ra3+ 35. Rb3 Rxb3+ 36. axb3 c5 37. b4 cxb4 38. Ra2 Ke5 39. Ra5
Rxh2 40. Rb5 Rh4 41. Ke2 Kxf6 42. Rxd5 b3 43. Rb5 b2 44. Kf3 Rh2 45. Kf4 Rf2+
46. Kg3 Rc2 47. Kf4 g5+ 48. Kg4 Ke6 49. Rb6+ Kd5 50. Kxg5 Kc4 51. Kf6 Rf2+ 52.
Ke7 Kd3 0-1